| 000 | 00427nam a22001457a 4500 | ||
|---|---|---|---|
| 020 | _a0-07-023076-5 | ||
| 082 | _a005.2 GEA'C | ||
| 100 |
_aGEAR, C. WILLIAM _936635 |
||
| 245 | _aCOMPUTER ORGANIZATION AND PROGRAMMING | ||
| 250 | _a2ND | ||
| 260 |
_aNEWYORK _bMCGRAW HILL _c1974 |
||
| 300 | _a455P | ||
| 650 |
_aELECTRONIC DIGITAL COMPUTER PROGRAMMING ELECTRONIC DIGITAL COMPUTER DESIGN AND CONSTRUCTION _978593 |
||
| 942 | _cBK | ||
| 999 |
_c583701 _d583701 |
||